[Event "April 9 Early 2024"]
[Site "Chess.com"]
[Date "2024.04.09"]
[Round "4"]
[White "Erden, Kadir"]
[Black "Gelman, Alexander"]
[Result "0-1"]
[Board "168"]
[WhiteFideId "6305776"]
[BlackFideId "4118316"]
[WhiteTitle "FM"]
[BlackTitle "IM"]
[WhiteElo "2416"]
[BlackElo "2657"]
[WhiteTeam "TUR"]
[BlackTeam "RUS"]
[WhiteClock "0:00:00"]
[BlackClock "0:00:56"]
[Variant "Standard"]

1. e4 {[%clk 0:03:00]}  c5 {[%clk 0:03:00]} 2. Nf3 {[%clk 0:03:01]}  e6 {[%clk 0:03:00]} 3. d4 {[%clk 0:03:01]}  cxd4 {[%clk 0:03:00]} 4. Nxd4 {[%clk 0:03:02]}  a6 {[%clk 0:03:01]} 5. Nc3 {[%clk 0:03:02]}  d6 {[%clk 0:03:01]} 6. Be3 {[%clk 0:03:00]}  Nf6 {[%clk 0:03:01]} 7. Be2 {[%clk 0:02:58]}  Nbd7 {[%clk 0:02:59]} 8. O-O {[%clk 0:02:57]}  Be7 {[%clk 0:02:59]} 9. f4 {[%clk 0:02:57]}  Qc7 {[%clk 0:02:59]} 10. a3 {[%clk 0:02:52]}  b5 {[%clk 0:02:59]} 11. h3 {[%clk 0:02:50]}  Bb7 {[%clk 0:02:59]} 12. Bf3 {[%clk 0:02:51]}  Rc8 {[%clk 0:02:58]} 13. Qd2 {[%clk 0:02:45]}  O-O {[%clk 0:02:51]} 14. Kh2 {[%clk 0:02:44]}  Nb6 {[%clk 0:02:51]} 15. Qe2 {[%clk 0:02:29]}  Nc4 {[%clk 0:02:48]} 16. Bc1 {[%clk 0:02:29]}  Rfe8 {[%clk 0:02:45]} 17. Re1 {[%clk 0:02:14]}  e5 {[%clk 0:02:38]} 18. Nf5 {[%clk 0:01:56]}  Bf8 {[%clk 0:02:39]} 19. fxe5 {[%clk 0:01:46]}  Rxe5 {[%clk 0:02:26]} 20. Bf4 {[%clk 0:01:41]}  Nxb2 {[%clk 0:02:14]} 21. Bxe5 {[%clk 0:01:34]}  dxe5 {[%clk 0:02:15]} 22. Nd5 {[%clk 0:01:08]}  Bxd5 {[%clk 0:02:10]} 23. exd5 {[%clk 0:01:09]}  e4+ {[%clk 0:02:10]} 24. Kh1 {[%clk 0:00:54]}  exf3 {[%clk 0:02:10]} 25. Qxf3 {[%clk 0:00:52]}  Nc4 {[%clk 0:01:50]} 26. Rad1 {[%clk 0:00:50]}  Bxa3 {[%clk 0:01:40]} 27. d6 {[%clk 0:00:21]}  Bxd6 {[%clk 0:01:39]} 28. Rxd6 {[%clk 0:00:18]}  Nxd6 {[%clk 0:01:38]} 29. Re7 {[%clk 0:00:17]}  Qd8 {[%clk 0:01:16]} 30. Nh6+ {[%clk 0:00:10]}  Kf8 {[%clk 0:01:14]} 31. Ra7 {[%clk 0:00:03]}  gxh6 {[%clk 0:01:11]} 32. Qf4 {[%clk 0:00:03]}  Ng8 {[%clk 0:01:06]} 33. Kh2 {[%clk 0:00:02]}  Rc7 {[%clk 0:01:02]} 34. Rxa6 {[%clk 0:00:02]}  Rd7 {[%clk 0:01:00]} 35. Qf3 {[%clk 0:00:02]}  Qf6 {[%clk 0:00:56]} 36. Ra8+ {[%clk 0:00:01]}  Kg7 {[%clk 0:00:57]} 37. Qg3+ {[%clk 0:00:01]}  Qg6 {[%clk 0:00:57]} 38. Qe5+ {[%clk 0:00:00]}  Nf6 {[%clk 0:00:56]} 0-1

[Event "April 9 Early 2024"]
[Site "Chess.com"]
[Date "2024.04.09"]
[Round "4"]
[White "Osinovsky, Stepan"]
[Black "Navarrete Mendez, Gonzalo Alberto"]
[Result "0-1"]
[Board "169"]
[WhiteFideId "4157354"]
[BlackFideId "5106850"]
[BlackTitle "FM"]
[WhiteElo "2415"]
[BlackElo "2633"]
[WhiteTeam "RUS"]
[BlackTeam "MEX"]
[WhiteClock "0:00:00"]
[BlackClock "0:00:29"]
[Variant "Standard"]

1. e4 {[%clk 0:02:55]}  e5 {[%clk 0:02:59]} 2. Nf3 {[%clk 0:02:54]}  Nc6 {[%clk 0:03:00]} 3. Bb5 {[%clk 0:02:54]}  a6 {[%clk 0:03:00]} 4. Ba4 {[%clk 0:02:54]}  d6 {[%clk 0:02:59]} 5. O-O {[%clk 0:02:49]}  Nf6 {[%clk 0:02:59]} 6. Re1 {[%clk 0:02:46]}  b5 {[%clk 0:02:59]} 7. Bb3 {[%clk 0:02:46]}  Be7 {[%clk 0:02:59]} 8. c3 {[%clk 0:02:45]}  O-O {[%clk 0:02:58]} 9. h3 {[%clk 0:02:45]}  Bb7 {[%clk 0:02:56]} 10. d4 {[%clk 0:02:44]}  Re8 {[%clk 0:02:52]} 11. Nbd2 {[%clk 0:02:41]}  Bf8 {[%clk 0:02:51]} 12. a3 {[%clk 0:02:38]}  h6 {[%clk 0:02:43]} 13. Bc2 {[%clk 0:02:33]}  d5 {[%clk 0:02:42]} 14. exd5 {[%clk 0:02:23]}  Qxd5 {[%clk 0:02:27]} 15. Ne4 {[%clk 0:02:10]}  exd4 {[%clk 0:02:14]} 16. Nxf6+ {[%clk 0:02:09]}  gxf6 {[%clk 0:02:14]} 17. Rxe8 {[%clk 0:02:09]}  Rxe8 {[%clk 0:02:12]} 18. Qd3 {[%clk 0:01:05]}  f5 {[%clk 0:01:49]} 19. Bf4 {[%clk 0:01:03]}  Ne5 {[%clk 0:01:30]} 20. Bxe5 {[%clk 0:00:52]}  Rxe5 {[%clk 0:01:27]} 21. cxd4 {[%clk 0:00:47]}  Re6 {[%clk 0:01:14]} 22. Bb3 {[%clk 0:00:40]}  Qe4 {[%clk 0:01:11]} 23. Qxe4 {[%clk 0:00:35]}  Rxe4 {[%clk 0:01:10]} 24. Bc2 {[%clk 0:00:32]}  Re2 {[%clk 0:01:08]} 25. Ne1 {[%clk 0:00:20]}  Rd2 {[%clk 0:00:55]} 26. Rd1 {[%clk 0:00:20]}  Rxd1 {[%clk 0:00:48]} 27. Bxd1 {[%clk 0:00:21]}  Bg7 {[%clk 0:00:49]} 28. Bf3 {[%clk 0:00:15]}  Bc8 {[%clk 0:00:47]} 29. Nc2 {[%clk 0:00:14]}  c5 {[%clk 0:00:37]} 30. dxc5 {[%clk 0:00:07]}  Bxb2 {[%clk 0:00:38]} 31. Kf1 {[%clk 0:00:07]}  Kf8 {[%clk 0:00:36]} 32. Ke2 {[%clk 0:00:06]}  Ke7 {[%clk 0:00:36]} 33. Kd2 {[%clk 0:00:04]}  Be6 {[%clk 0:00:34]} 34. Bb7 {[%clk 0:00:03]}  a5 {[%clk 0:00:33]} 35. Bc6 {[%clk 0:00:00]}  Bd7 {[%clk 0:00:29]} 0-1

[Event "April 9 Early 2024"]
[Site "Chess.com"]
[Date "2024.04.09"]
[Round "4"]
[White "Mazurkiewicz, Michal"]
[Black "Golubev, Mikhail"]
[Result "1-0"]
[Board "170"]
[WhiteFideId "1124943"]
[BlackFideId "14100983"]
[WhiteTitle "CM"]
[BlackTitle "GM"]
[WhiteElo "2413"]
[BlackElo "2626"]
[WhiteTeam "POL"]
[BlackTeam "UKR"]
[WhiteClock "0:00:07"]
[BlackClock "0:00:00"]
[Variant "Standard"]

1. e4 {[%clk 0:02:57]}  c5 {[%clk 0:02:59]} 2. Nf3 {[%clk 0:02:58]}  d6 {[%clk 0:02:59]} 3. g3 {[%clk 0:02:58]}  Nf6 {[%clk 0:02:58]} 4. d3 {[%clk 0:02:57]}  g6 {[%clk 0:02:58]} 5. Bg2 {[%clk 0:02:57]}  Bg7 {[%clk 0:02:59]} 6. O-O {[%clk 0:02:58]}  O-O {[%clk 0:02:59]} 7. Re1 {[%clk 0:02:57]}  Nc6 {[%clk 0:02:56]} 8. e5 {[%clk 0:02:58]}  dxe5 {[%clk 0:02:55]} 9. Nxe5 {[%clk 0:02:58]}  Nxe5 {[%clk 0:02:33]} 10. Rxe5 {[%clk 0:02:59]}  c4 {[%clk 0:02:16]} 11. d4 {[%clk 0:02:57]}  Ng4 {[%clk 0:02:03]} 12. Rd5 {[%clk 0:02:33]}  Qb6 {[%clk 0:02:02]} 13. c3 {[%clk 0:02:29]}  e5 {[%clk 0:01:48]} 14. h3 {[%clk 0:02:24]}  Nxf2 {[%clk 0:01:29]} 15. Kxf2 {[%clk 0:02:23]}  Be6 {[%clk 0:01:29]} 16. Kf1 {[%clk 0:00:40]}  Bxd5 {[%clk 0:01:26]} 17. Bxd5 {[%clk 0:00:41]}  exd4 {[%clk 0:01:25]} 18. cxd4 {[%clk 0:00:41]}  Bxd4 {[%clk 0:01:05]} 19. Nc3 {[%clk 0:00:35]}  Rad8 {[%clk 0:00:29]} 20. Qf3 {[%clk 0:00:29]}  Bxc3 {[%clk 0:00:25]} 21. bxc3 {[%clk 0:00:30]}  Qc5 {[%clk 0:00:24]} 22. Be4 {[%clk 0:00:19]}  f5 {[%clk 0:00:13]} 23. Bxb7 {[%clk 0:00:11]}  Rd3 {[%clk 0:00:10]} 24. Qc6 {[%clk 0:00:08]}  Qe5 {[%clk 0:00:01]} 25. Bf4 {[%clk 0:00:07]}  Qxc3 {[%clk 0:00:02]} 26. Qe6+ {[%clk 0:00:07]}  Kg7 {[%clk 0:00:00]} 27. Be5+ {[%clk 0:00:07]} 1-0

[Event "April 9 Early 2024"]
[Site "Chess.com"]
[Date "2024.04.09"]
[Round "4"]
[White "Wueest, Andrin"]
[Black "Hua, Lefong"]
[Result "0-1"]
[Board "172"]
[WhiteFideId "1300881"]
[BlackFideId "2602253"]
[WhiteTitle "CM"]
[BlackTitle "FM"]
[WhiteElo "2410"]
[BlackElo "2610"]
[WhiteTeam "SUI"]
[BlackTeam "CAN"]
[WhiteClock "0:00:26"]
[BlackClock "0:01:06"]
[Variant "Standard"]

1. d4 {[%clk 0:02:53]}  Nf6 {[%clk 0:02:59]} 2. Nf3 {[%clk 0:02:53]}  g6 {[%clk 0:02:58]} 3. e3 {[%clk 0:02:54]}  Bg7 {[%clk 0:02:58]} 4. Be2 {[%clk 0:02:54]}  O-O {[%clk 0:02:58]} 5. O-O {[%clk 0:02:55]}  b6 {[%clk 0:02:57]} 6. c4 {[%clk 0:02:55]}  c5 {[%clk 0:02:57]} 7. d5 {[%clk 0:02:54]}  d6 {[%clk 0:02:57]} 8. Nc3 {[%clk 0:02:53]}  e6 {[%clk 0:02:58]} 9. e4 {[%clk 0:02:53]}  exd5 {[%clk 0:02:58]} 10. exd5 {[%clk 0:02:53]}  Bg4 {[%clk 0:02:55]} 11. h3 {[%clk 0:02:53]}  Bxf3 {[%clk 0:02:55]} 12. Bxf3 {[%clk 0:02:54]}  Nbd7 {[%clk 0:02:54]} 13. Bf4 {[%clk 0:02:53]}  Ne8 {[%clk 0:02:50]} 14. Re1 {[%clk 0:02:50]}  Ne5 {[%clk 0:02:48]} 15. Qe2 {[%clk 0:02:35]}  a6 {[%clk 0:02:43]} 16. a4 {[%clk 0:02:32]}  Qh4 {[%clk 0:02:37]} 17. Bxe5 {[%clk 0:02:22]}  Bxe5 {[%clk 0:02:38]} 18. Qe4 {[%clk 0:02:18]}  Qxe4 {[%clk 0:02:29]} 19. Bxe4 {[%clk 0:02:15]}  f5 {[%clk 0:02:28]} 20. Bd3 {[%clk 0:02:14]}  Nc7 {[%clk 0:02:24]} 21. g3 {[%clk 0:02:00]}  Rfe8 {[%clk 0:02:22]} 22. f4 {[%clk 0:01:57]}  Bd4+ {[%clk 0:02:20]} 23. Kg2 {[%clk 0:01:57]}  Kf7 {[%clk 0:02:18]} 24. a5 {[%clk 0:01:42]}  Rxe1 {[%clk 0:02:15]} 25. Rxe1 {[%clk 0:01:41]}  bxa5 {[%clk 0:02:15]} 26. Ra1 {[%clk 0:01:26]}  Rb8 {[%clk 0:02:10]} 27. Ra2 {[%clk 0:01:27]}  Bxc3 {[%clk 0:02:00]} 28. bxc3 {[%clk 0:01:26]}  Rb3 {[%clk 0:02:01]} 29. Rxa5 {[%clk 0:01:20]}  Rxc3 {[%clk 0:02:00]} 30. Be2 {[%clk 0:01:21]}  Ke7 {[%clk 0:01:49]} 31. Kf2 {[%clk 0:01:17]}  Kd8 {[%clk 0:01:49]} 32. h4 {[%clk 0:01:08]}  h5 {[%clk 0:01:48]} 33. Ra2 {[%clk 0:00:56]}  Rb3 {[%clk 0:01:41]} 34. Bd1 {[%clk 0:00:48]}  Rb4 {[%clk 0:01:40]} 35. Be2 {[%clk 0:00:45]}  Kc8 {[%clk 0:01:40]} 36. Ke3 {[%clk 0:00:45]}  Kb7 {[%clk 0:01:38]} 37. Bd3 {[%clk 0:00:45]}  Ne8 {[%clk 0:01:36]} 38. Kd2 {[%clk 0:00:44]}  Nf6 {[%clk 0:01:30]} 39. Kc3 {[%clk 0:00:44]}  Ng4 {[%clk 0:01:14]} 40. Re2 {[%clk 0:00:42]}  a5 {[%clk 0:01:15]} 41. Re7+ {[%clk 0:00:40]}  Kb6 {[%clk 0:01:14]} 42. Re6 {[%clk 0:00:40]}  Kc7 {[%clk 0:01:13]} 43. Rxg6 {[%clk 0:00:40]}  a4 {[%clk 0:01:12]} 44. Rg7+ {[%clk 0:00:40]}  Kd8 {[%clk 0:01:12]} 45. Bxf5 {[%clk 0:00:35]}  Rb3+ {[%clk 0:01:12]} 46. Kc2 {[%clk 0:00:32]}  Ne3+ {[%clk 0:01:11]} 47. Kc1 {[%clk 0:00:32]}  Nxf5 {[%clk 0:01:11]} 48. Ra7 {[%clk 0:00:32]}  a3 {[%clk 0:01:11]} 49. Kc2 {[%clk 0:00:30]}  Nd4+ {[%clk 0:01:10]} 50. Kc1 {[%clk 0:00:29]}  Rxg3 {[%clk 0:01:10]} 51. f5 {[%clk 0:00:29]}  Nxf5 {[%clk 0:01:09]} 52. Ra6 {[%clk 0:00:28]}  Ke7 {[%clk 0:01:09]} 53. Ra7+ {[%clk 0:00:28]}  Kf6 {[%clk 0:01:09]} 54. Rxa3 {[%clk 0:00:26]}  Rxa3 {[%clk 0:01:06]} 0-1

[Event "April 9 Early 2024"]
[Site "Chess.com"]
[Date "2024.04.09"]
[Round "4"]
[White "Dilmukhametov, Artur"]
[Black "Kashefi, Amir Hosein"]
[Result "0-1"]
[Board "173"]
[WhiteFideId "24179922"]
[BlackFideId "12557935"]
[WhiteTitle "FM"]
[BlackTitle "FM"]
[WhiteElo "2407"]
[BlackElo "2605"]
[WhiteTeam "RUS"]
[BlackTeam "IRI"]
[WhiteClock "0:00:00"]
[BlackClock "0:00:05"]
[Variant "Standard"]

1. e4 {[%clk 0:03:00]}  c6 {[%clk 0:02:39]} 2. Nf3 {[%clk 0:02:59]}  d5 {[%clk 0:02:40]} 3. Nc3 {[%clk 0:02:59]}  dxe4 {[%clk 0:02:39]} 4. Nxe4 {[%clk 0:03:00]}  Nd7 {[%clk 0:02:40]} 5. Qe2 {[%clk 0:02:56]}  Ndf6 {[%clk 0:02:39]} 6. d4 {[%clk 0:02:55]}  Bg4 {[%clk 0:02:39]} 7. h3 {[%clk 0:02:52]}  Bxf3 {[%clk 0:02:31]} 8. Qxf3 {[%clk 0:02:53]}  Qxd4 {[%clk 0:02:31]} 9. Bd3 {[%clk 0:02:41]}  O-O-O {[%clk 0:02:20]} 10. O-O {[%clk 0:02:38]}  Nxe4 {[%clk 0:01:56]} 11. Bxe4 {[%clk 0:02:36]}  Nf6 {[%clk 0:01:54]} 12. Bd3 {[%clk 0:02:36]}  Qd5 {[%clk 0:01:44]} 13. Qe2 {[%clk 0:02:29]}  e6 {[%clk 0:01:43]} 14. Bf4 {[%clk 0:02:18]}  Bd6 {[%clk 0:01:40]} 15. Bxd6 {[%clk 0:02:19]}  Qxd6 {[%clk 0:01:39]} 16. Rfd1 {[%clk 0:02:16]}  Qf4 {[%clk 0:01:37]} 17. b4 {[%clk 0:01:46]}  Nd5 {[%clk 0:01:29]} 18. g3 {[%clk 0:01:27]}  Qxb4 {[%clk 0:01:25]} 19. Rdb1 {[%clk 0:01:27]}  Qa5 {[%clk 0:01:17]} 20. Rb3 {[%clk 0:01:23]}  Nb6 {[%clk 0:01:06]} 21. a4 {[%clk 0:00:30]}  Rd5 {[%clk 0:01:05]} 22. c4 {[%clk 0:00:30]}  Re5 {[%clk 0:01:00]} 23. Qb2 {[%clk 0:00:21]}  Rd8 {[%clk 0:00:49]} 24. c5 {[%clk 0:00:11]}  Rxc5 {[%clk 0:00:43]} 25. Qxg7 {[%clk 0:00:12]}  Qd2 {[%clk 0:00:33]} 26. Bf1 {[%clk 0:00:05]}  Rc2 {[%clk 0:00:30]} 27. Qxf7 {[%clk 0:00:05]}  Rd7 {[%clk 0:00:20]} 28. Qf8+ {[%clk 0:00:04]}  Kc7 {[%clk 0:00:20]} 29. Rab1 {[%clk 0:00:03]}  Qd6 {[%clk 0:00:09]} 30. Qf3 {[%clk 0:00:03]}  Qd5 {[%clk 0:00:06]} 31. Qf4+ {[%clk 0:00:02]}  e5 {[%clk 0:00:06]} 32. Qf5 {[%clk 0:00:02]}  Rd2 {[%clk 0:00:04]} 33. a5 {[%clk 0:00:01]}  Qxa5 {[%clk 0:00:04]} 34. Bg2 {[%clk 0:00:01]}  Qc5 {[%clk 0:00:04]} 35. Bf1 {[%clk 0:00:01]}  Qd6 {[%clk 0:00:04]} 36. Qf3 {[%clk 0:00:01]}  Qd5 {[%clk 0:00:04]} 37. Qf5 {[%clk 0:00:02]}  e4 {[%clk 0:00:05]} 38. Qf8 {[%clk 0:00:03]}  e3 {[%clk 0:00:04]} 39. fxe3 {[%clk 0:00:03]}  Qd6 {[%clk 0:00:04]} 40. Qf3 {[%clk 0:00:04]}  Rg7 {[%clk 0:00:03]} 41. Bg2 {[%clk 0:00:05]}  Rxg3 {[%clk 0:00:02]} 42. Qf7+ {[%clk 0:00:05]}  Qd7 {[%clk 0:00:01]} 43. Qxd7+ {[%clk 0:00:06]}  Kxd7 {[%clk 0:00:01]} 44. e4 {[%clk 0:00:07]}  Rxb3 {[%clk 0:00:01]} 45. Rxb3 {[%clk 0:00:08]}  Rd1+ {[%clk 0:00:02]} 46. Kf2 {[%clk 0:00:08]}  Rd2+ {[%clk 0:00:03]} 47. Kf1 {[%clk 0:00:08]}  Rd4 {[%clk 0:00:02]} 48. Re3 {[%clk 0:00:09]}  Rd2 {[%clk 0:00:02]} 49. Ra3 {[%clk 0:00:09]}  Rd6 {[%clk 0:00:02]} 50. Rxa7 {[%clk 0:00:09]}  Kc7 {[%clk 0:00:02]} 51. Ra3 {[%clk 0:00:09]}  Re6 {[%clk 0:00:03]} 52. Rb3 {[%clk 0:00:09]}  Nc4 {[%clk 0:00:03]} 53. Rc3 {[%clk 0:00:08]}  Nd2+ {[%clk 0:00:03]} 54. Ke2 {[%clk 0:00:09]}  Nxe4 {[%clk 0:00:04]} 55. Re3 {[%clk 0:00:08]}  Ng5 {[%clk 0:00:05]} 56. Rxe6 {[%clk 0:00:08]}  Nxe6 {[%clk 0:00:05]} 57. Be4 {[%clk 0:00:08]}  Nf4+ {[%clk 0:00:04]} 58. Kd2 {[%clk 0:00:06]}  Nxh3 {[%clk 0:00:05]} 59. Bxh7 {[%clk 0:00:07]}  Ng5 {[%clk 0:00:06]} 60. Bf5 {[%clk 0:00:07]}  Nf7 {[%clk 0:00:06]} 61. Kc3 {[%clk 0:00:07]}  Kd6 {[%clk 0:00:06]} 62. Bc8 {[%clk 0:00:07]}  b6 {[%clk 0:00:06]} 63. Bg4 {[%clk 0:00:07]}  Ne5 {[%clk 0:00:07]} 64. Be2 {[%clk 0:00:08]}  Kc5 {[%clk 0:00:07]} 65. Kb2 {[%clk 0:00:08]}  b5 {[%clk 0:00:07]} 66. Kc3 {[%clk 0:00:09]}  b4+ {[%clk 0:00:07]} 67. Kb3 {[%clk 0:00:10]}  Nd7 {[%clk 0:00:07]} 68. Bf3 {[%clk 0:00:10]}  Nb6 {[%clk 0:00:07]} 69. Be2 {[%clk 0:00:09]}  Nd5 {[%clk 0:00:07]} 70. Bc4 {[%clk 0:00:09]}  Nc3 {[%clk 0:00:07]} 71. Bf1 {[%clk 0:00:09]}  Nb5 {[%clk 0:00:07]} 72. Bg2 {[%clk 0:00:08]}  Nd4+ {[%clk 0:00:08]} 73. Kb2 {[%clk 0:00:09]}  Kb5 {[%clk 0:00:07]} 74. Bf1+ {[%clk 0:00:09]}  Kb6 {[%clk 0:00:07]} 75. Bc4 {[%clk 0:00:08]}  c5 {[%clk 0:00:08]} 76. Bf7 {[%clk 0:00:08]}  Kc7 {[%clk 0:00:09]} 77. Be8 {[%clk 0:00:08]}  Kd6 {[%clk 0:00:10]} 78. Bf7 {[%clk 0:00:09]}  Ke5 {[%clk 0:00:11]} 79. Bg8 {[%clk 0:00:09]}  Kf5 {[%clk 0:00:11]} 80. Bf7 {[%clk 0:00:09]}  Kf4 {[%clk 0:00:12]} 81. Bc4 {[%clk 0:00:09]}  Ke3 {[%clk 0:00:13]} 82. Bd5 {[%clk 0:00:09]}  Kd2 {[%clk 0:00:14]} 83. Bc4 {[%clk 0:00:09]}  Ke3 {[%clk 0:00:14]} 84. Ba6 {[%clk 0:00:08]}  Nc6 {[%clk 0:00:10]} 85. Kb3 {[%clk 0:00:07]}  Kd4 {[%clk 0:00:10]} 86. Be2 {[%clk 0:00:05]}  Na5+ {[%clk 0:00:08]} 87. Ka4 {[%clk 0:00:00]}  b3 {[%clk 0:00:05]} 0-1

[Event "April 9 Early 2024"]
[Site "Chess.com"]
[Date "2024.04.09"]
[Round "4"]
[White "Novoselov, Roman"]
[Black "Manon-og, Ramon Jr."]
[Result "1-0"]
[Board "176"]
[WhiteFideId "4135067"]
[BlackFideId "5200776"]
[WhiteTitle "FM"]
[WhiteElo "2599"]
[BlackElo "2404"]
[WhiteTeam "RUS"]
[BlackTeam "PHI"]
[WhiteClock "0:00:10"]
[BlackClock "0:00:06"]
[Variant "Standard"]

1. e4 {[%clk 0:03:00]}  c5 {[%clk 0:02:59]} 2. Nc3 {[%clk 0:03:01]}  d6 {[%clk 0:02:59]} 3. g3 {[%clk 0:03:01]}  Nf6 {[%clk 0:02:59]} 4. Bg2 {[%clk 0:03:02]}  g6 {[%clk 0:03:00]} 5. d3 {[%clk 0:03:02]}  Bg7 {[%clk 0:03:00]} 6. h3 {[%clk 0:03:02]}  O-O {[%clk 0:03:01]} 7. Be3 {[%clk 0:03:03]}  Nc6 {[%clk 0:03:01]} 8. Qd2 {[%clk 0:03:03]}  Re8 {[%clk 0:03:02]} 9. Nge2 {[%clk 0:03:02]}  Rb8 {[%clk 0:03:00]} 10. d4 {[%clk 0:03:00]}  cxd4 {[%clk 0:03:00]} 11. Nxd4 {[%clk 0:03:01]}  Ne5 {[%clk 0:02:59]} 12. b3 {[%clk 0:03:00]}  Bd7 {[%clk 0:02:58]} 13. f4 {[%clk 0:02:56]}  Nc6 {[%clk 0:02:57]} 14. O-O {[%clk 0:02:55]}  Rc8 {[%clk 0:02:57]} 15. Rad1 {[%clk 0:02:49]}  Qa5 {[%clk 0:02:53]} 16. Nce2 {[%clk 0:02:11]}  Qa6 {[%clk 0:02:17]} 17. c4 {[%clk 0:02:05]}  Nh5 {[%clk 0:02:13]} 18. g4 {[%clk 0:01:58]}  Nf6 {[%clk 0:02:09]} 19. Ng3 {[%clk 0:01:57]}  e6 {[%clk 0:02:07]} 20. g5 {[%clk 0:01:44]}  Nh5 {[%clk 0:02:02]} 21. Nxh5 {[%clk 0:01:44]}  gxh5 {[%clk 0:02:03]} 22. Nb5 {[%clk 0:01:40]}  Red8 {[%clk 0:01:48]} 23. Nxd6 {[%clk 0:01:33]}  Be8 {[%clk 0:01:48]} 24. Qe2 {[%clk 0:01:24]}  Rc7 {[%clk 0:01:39]} 25. Qxh5 {[%clk 0:01:21]}  Qxa2 {[%clk 0:01:30]} 26. e5 {[%clk 0:00:58]}  Qxb3 {[%clk 0:01:27]} 27. Bf2 {[%clk 0:00:47]}  Ne7 {[%clk 0:01:16]} 28. Rb1 {[%clk 0:00:36]}  Qc3 {[%clk 0:00:52]} 29. Nb5 {[%clk 0:00:21]}  Qxc4 {[%clk 0:00:48]} 30. Nxc7 {[%clk 0:00:20]}  Qxc7 {[%clk 0:00:49]} 31. Rxb7 {[%clk 0:00:21]}  Qc4 {[%clk 0:00:32]} 32. Rxe7 {[%clk 0:00:17]}  Qxf4 {[%clk 0:00:29]} 33. Bb6 {[%clk 0:00:12]}  Qxf1+ {[%clk 0:00:16]} 34. Kxf1 {[%clk 0:00:13]}  axb6 {[%clk 0:00:16]} 35. Be4 {[%clk 0:00:13]}  Kf8 {[%clk 0:00:15]} 36. Rxe8+ {[%clk 0:00:09]}  Rxe8 {[%clk 0:00:13]} 37. Qxh7 {[%clk 0:00:08]}  b5 {[%clk 0:00:12]} 38. g6 {[%clk 0:00:05]}  Re7 {[%clk 0:00:11]} 39. Qh4 {[%clk 0:00:03]}  Bxe5 {[%clk 0:00:09]} 40. gxf7 {[%clk 0:00:03]}  Rxf7+ {[%clk 0:00:10]} 41. Ke2 {[%clk 0:00:03]}  Bf6 {[%clk 0:00:11]} 42. Qh6+ {[%clk 0:00:03]}  Ke7 {[%clk 0:00:09]} 43. Qh5 {[%clk 0:00:04]}  b4 {[%clk 0:00:09]} 44. Qc5+ {[%clk 0:00:04]}  Ke8 {[%clk 0:00:09]} 45. Qxb4 {[%clk 0:00:05]}  Be7 {[%clk 0:00:09]} 46. Bc6+ {[%clk 0:00:05]}  Kf8 {[%clk 0:00:09]} 47. Qb8+ {[%clk 0:00:06]}  Kg7 {[%clk 0:00:09]} 48. Qe5+ {[%clk 0:00:06]}  Bf6 {[%clk 0:00:08]} 49. Qe4 {[%clk 0:00:07]}  e5 {[%clk 0:00:07]} 50. Be8 {[%clk 0:00:08]}  Re7 {[%clk 0:00:07]} 51. Qg6+ {[%clk 0:00:08]}  Kf8 {[%clk 0:00:07]} 52. Qxf6+ {[%clk 0:00:09]}  Kxe8 {[%clk 0:00:07]} 53. h4 {[%clk 0:00:09]}  e4 {[%clk 0:00:08]} 54. h5 {[%clk 0:00:10]}  e3 {[%clk 0:00:08]} 55. h6 {[%clk 0:00:10]}  Kd7 {[%clk 0:00:08]} 56. Qxe7+ {[%clk 0:00:09]}  Kxe7 {[%clk 0:00:08]} 57. h7 {[%clk 0:00:10]}  Kf7 {[%clk 0:00:06]} 58. h8=Q {[%clk 0:00:10]} 1-0

[Event "April 9 Early 2024"]
[Site "Chess.com"]
[Date "2024.04.09"]
[Round "4"]
[White "Merino Garcia, Rafael II"]
[Black "Tulchynskyi, Feliks"]
[Result "0-1"]
[Board "177"]
[WhiteFideId "2209128"]
[BlackFideId "34127895"]
[WhiteTitle "FM"]
[BlackTitle "FM"]
[WhiteElo "2402"]
[BlackElo "2595"]
[WhiteTeam "ESP"]
[BlackTeam "UKR"]
[WhiteClock "0:00:40"]
[BlackClock "0:01:05"]
[Variant "Standard"]

1. d4 {[%clk 0:02:57]}  g6 {[%clk 0:02:54]} 2. Nf3 {[%clk 0:02:57]}  Bg7 {[%clk 0:02:54]} 3. Bf4 {[%clk 0:02:58]}  Nf6 {[%clk 0:02:51]} 4. e3 {[%clk 0:02:58]}  O-O {[%clk 0:02:51]} 5. h3 {[%clk 0:02:58]}  a6 {[%clk 0:02:50]} 6. Be2 {[%clk 0:02:59]}  b5 {[%clk 0:02:48]} 7. O-O {[%clk 0:02:59]}  Bb7 {[%clk 0:02:48]} 8. c4 {[%clk 0:03:00]}  bxc4 {[%clk 0:02:47]} 9. Bxc4 {[%clk 0:03:00]}  d6 {[%clk 0:02:47]} 10. Nc3 {[%clk 0:02:59]}  Nbd7 {[%clk 0:02:46]} 11. Qe2 {[%clk 0:02:54]}  c5 {[%clk 0:02:45]} 12. dxc5 {[%clk 0:02:28]}  Nxc5 {[%clk 0:02:42]} 13. Rfd1 {[%clk 0:02:28]}  Qb6 {[%clk 0:02:39]} 14. Rac1 {[%clk 0:02:27]}  Rac8 {[%clk 0:02:37]} 15. a3 {[%clk 0:02:08]}  Nb3 {[%clk 0:02:36]} 16. Rc2 {[%clk 0:02:02]}  Na5 {[%clk 0:02:13]} 17. Ba2 {[%clk 0:02:00]}  Ne4 {[%clk 0:02:03]} 18. Nd5 {[%clk 0:01:49]}  Bxd5 {[%clk 0:01:59]} 19. Bxd5 {[%clk 0:01:47]}  Nf6 {[%clk 0:01:55]} 20. Ba2 {[%clk 0:01:32]}  Nh5 {[%clk 0:01:52]} 21. b4 {[%clk 0:01:32]}  Nxf4 {[%clk 0:01:38]} 22. exf4 {[%clk 0:01:32]}  Rxc2 {[%clk 0:01:37]} 23. Qxc2 {[%clk 0:01:32]}  Nc6 {[%clk 0:01:37]} 24. Ng5 {[%clk 0:01:21]}  Nd4 {[%clk 0:01:30]} 25. Qc4 {[%clk 0:01:14]}  e6 {[%clk 0:01:28]} 26. Kh2 {[%clk 0:00:47]}  d5 {[%clk 0:01:16]} 27. Qd3 {[%clk 0:00:44]}  Rc8 {[%clk 0:01:12]} 28. Nf3 {[%clk 0:00:42]}  Nxf3+ {[%clk 0:01:08]} 29. gxf3 {[%clk 0:00:40]}  Qxf2+ {[%clk 0:01:05]} 0-1

[Event "April 9 Early 2024"]
[Site "Chess.com"]
[Date "2024.04.09"]
[Round "4"]
[White "Shishkov, Andrei"]
[Black "Hajiyev, Kanan"]
[Result "1-0"]
[Board "179"]
[WhiteFideId "4500563"]
[BlackFideId "13404148"]
[WhiteTitle "IM"]
[BlackTitle "FM"]
[WhiteElo "2399"]
[BlackElo "2584"]
[WhiteTeam "EST"]
[BlackTeam "AZE"]
[WhiteClock "0:01:05"]
[BlackClock "0:01:00"]
[Variant "Standard"]

1. d4 {[%clk 0:03:00]}  d5 {[%clk 0:02:46]} 2. c4 {[%clk 0:03:00]}  c6 {[%clk 0:02:45]} 3. e3 {[%clk 0:03:00]}  Nf6 {[%clk 0:02:46]} 4. Nc3 {[%clk 0:02:59]}  Bg4 {[%clk 0:02:45]} 5. f3 {[%clk 0:02:57]}  Bf5 {[%clk 0:02:45]} 6. cxd5 {[%clk 0:02:52]}  cxd5 {[%clk 0:02:38]} 7. Qb3 {[%clk 0:02:52]}  Bc8 {[%clk 0:02:20]} 8. Bd2 {[%clk 0:02:45]}  Nc6 {[%clk 0:02:19]} 9. Bd3 {[%clk 0:02:25]}  e6 {[%clk 0:02:15]} 10. f4 {[%clk 0:02:20]}  Bd6 {[%clk 0:02:10]} 11. Nf3 {[%clk 0:02:20]}  O-O {[%clk 0:02:10]} 12. O-O {[%clk 0:02:20]}  b6 {[%clk 0:02:10]} 13. Rfc1 {[%clk 0:02:17]}  Bb7 {[%clk 0:02:10]} 14. Be1 {[%clk 0:02:14]}  Rc8 {[%clk 0:02:10]} 15. Bh4 {[%clk 0:02:12]}  Be7 {[%clk 0:02:11]} 16. Qd1 {[%clk 0:01:59]}  Na5 {[%clk 0:01:56]} 17. Ne5 {[%clk 0:01:51]}  Nc4 {[%clk 0:01:51]} 18. Qe2 {[%clk 0:01:50]}  Nxe5 {[%clk 0:01:42]} 19. fxe5 {[%clk 0:01:38]}  Ne4 {[%clk 0:01:39]} 20. Bxe7 {[%clk 0:01:32]}  Nxc3 {[%clk 0:01:34]} 21. Bxh7+ {[%clk 0:01:17]}  Kh8 {[%clk 0:01:32]} 22. Qh5 {[%clk 0:01:08]}  Ne2+ {[%clk 0:01:00]} 23. Kf2 {[%clk 0:01:05]} 1-0